000 00784cam a2200193 4500
008 000000n2000 000 0 eng u
035 _a(Sirsi) u108197
245 _aBuyer poised for property killing
260 _c2000
490 _aGuardian
_v7 September 2000, 5(1)
520 _aThe London arm of Nomura International has become one of the powers in the City, snapping up bargains across British industry. With its likely purchase of the Dome, on land which is expected to see huge redevelopment, Nomura is thought to be buying a bargain.
590 _aWB
650 _aNOMURA INTERNATIONAL
650 _aMILLENNIUM DOME
650 _aREDEVELOPMENT
650 _aPROFITS
690 _aPROPERTY-COMMERCIAL PROPERTY-COMMERCIAL PROPERTY FINANCE AND INVESTMENT
942 _n0
999 _c64627
_d64627